[Event "III Open San Benedetto Martire"]
[Site "San Benedetto del Tronto ITA"]
[Date "2010.11.14"]
[Round "5"]
[White "Di Martino, Antonio"]
[Black "Pierantozzi, Stanislao"]
[Result "0-1"]
[WhiteElo "1890"]
[BlackElo "1944"]
[PlyCount "95"]
[EventDate "2010.11.07"]

1. e4 e5 2. Nf3 Nc6 3. Bb5 a6 4. Ba4 Nf6 5. O-O Bc5 6. Re1 b5 7. Bb3 d6 8. h3
O-O 9. c3 Be6 10. Bc2 Qc8 11. d4 Bb6 12. d5 Bxh3 13. Nh2 Ng4 14. Be3 Nxe3 15.
fxe3 Ne7 16. gxh3 Qxh3 17. Qf3 Qxf3 18. Nxf3 f5 19. Kg2 f4 20. exf4 Rxf4 21.
Nbd2 Raf8 22. Rh1 Ng6 23. Raf1 R4f6 24. Nh4 Nxh4+ 25. Rxh4 Rf2+ 26. Rxf2 Rxf2+
27. Kg3 Rxd2 28. Rh2 Rxh2 29. Kxh2 h5 30. Kg3 Kh7 31. Bd3 Kh6 32. a4 bxa4 33.
Bxa6 Ba5 34. Bb5 a3 35. bxa3 Bxc3 36. Bd7 Be1+ 37. Kf3 g5 38. a4 g4+ 39. Ke2
Ba5 40. Kf2 Kg5 41. Bf5 h4 42. Kg2 Kf4 43. Kh2 Bb6 44. Kg2 h3+ 45. Kh2 Kf3 46.
Kh1 g3 47. Bxh3 Kxe4 48. Kg2 0-1

[Event "III Open San Benedetto Martire"]
[Site "San Benedetto del Tronto ITA"]
[Date "2010.11.14"]
[Round "5"]
[White "Faini, Ivano"]
[Black "Renzetti, Leonardo"]
[Result "1/2-1/2"]
[WhiteElo "1674"]
[BlackElo "1548"]
[PlyCount "98"]
[EventDate "2010.11.07"]

1. c4 Nf6 2. g3 g6 3. Bg2 Bg7 4. e4 O-O 5. Ne2 e5 6. O-O Nc6 7. d3 d6 8. h3 Be6
9. Nbc3 Qd7 10. Kh2 Ne7 11. Bg5 c6 12. b4 d5 13. Bxf6 Bxf6 14. cxd5 cxd5 15.
Rc1 Rac8 16. Qa4 Qxa4 17. Nxa4 d4 18. Nc5 b6 19. Nxe6 fxe6 20. h4 Nc6 21. a3 a5
22. b5 Nb8 23. Bh3 Kf7 24. f4 Ke7 25. Kg2 Nd7 26. fxe5 Bxe5 27. Rxf8 Rxc1 28.
Nxc1 Nxf8 29. a4 Nd7 30. Nb3 Bf6 31. Kf3 Ne5+ 32. Ke2 Nf7 33. Na1 Kd6 34. Nc2
e5 35. Na3 Kc5 36. Nc4 Nd6 37. Nxd6 Kxd6 38. Kd2 Kc5 39. Bg4 Kb4 40. Bd1 h5 41.
Bc2 Bg7 42. Kd1 Bh6 43. Ke2 Kc3 44. Kd1 Be3 45. Bb1 Bf2 46. Ba2 Bxg3 47. Bf7
Bxh4 48. Ke2 Bg3 49. Bxg6 h4 1/2-1/2

[Event "III Open San Benedetto Martire"]
[Site "San Benedetto del Tronto ITA"]
[Date "2010.11.14"]
[Round "5"]
[White "Faini, Marco"]
[Black "Viviani, Alessio"]
[Result "1/2-1/2"]
[WhiteElo "1951"]
[BlackElo "1958"]
[PlyCount "103"]
[EventDate "2010.11.07"]

1. c4 e5 2. Nc3 Nc6 3. g3 f5 4. Bg2 Nf6 5. d3 d6 6. e3 Be7 7. Nge2 O-O 8. f4
Be6 9. Nd5 Qd7 10. Bd2 Rae8 11. b4 Bd8 12. O-O Kh8 13. Bc3 Bxd5 14. cxd5 Ne7
15. e4 c6 16. dxc6 Nxc6 17. fxe5 Bb6+ 18. d4 dxe5 19. b5 Nxd4 20. Bxd4 exd4 21.
Kh1 fxe4 22. h3 Nd5 23. Qb3 Ne3 24. Rf4 d3 25. Nc3 Rxf4 26. gxf4 Nxg2 27. Kxg2
Qd4 28. Rf1 h6 29. Qf7 Rc8 30. Nd5 Rc2+ 31. Kg3 Rc8 32. f5 Qe5+ 33. Kg4 Bc7 34.
Nf4 Qf6 35. Qxf6 gxf6 36. Nd5 Be5 37. Kh5 Rd8 38. Ne3 d2 39. Rd1 Bf4 40. Ng2
Be5 41. Kxh6 Rd3 42. h4 Bc3 43. Nf4 Rg3 44. Ne2 Be5 45. Rxd2 Rd3 46. Rc2 Kg8
47. Kg6 Kf8 48. h5 Rh3 49. h6 Rh2 50. h7 Rg2+ 51. Kh6 Rh2+ 52. Kg6 1/2-1/2

[Event "III Open San Benedetto Martire"]
[Site "San Benedetto del Tronto ITA"]
[Date "2010.11.14"]
[Round "5"]
[White "Okinczyc, Alessandro"]
[Black "Giobbi, Costantino"]
[Result "1/2-1/2"]
[WhiteElo "1683"]
[BlackElo "1916"]
[PlyCount "81"]
[EventDate "2010.11.07"]

1. e4 e6 2. d4 d5 3. Nd2 c5 4. Ngf3 a6 5. Be2 dxe4 6. Nxe4 cxd4 7. Qxd4 Qxd4 8.
Nxd4 Nd7 9. Be3 Ngf6 10. Nxf6+ Nxf6 11. O-O Be7 12. c4 O-O 13. Rfd1 Rd8 14. Bf3
Nd7 15. Nc2 Ne5 16. Be2 Rxd1+ 17. Rxd1 Kf8 18. a3 Ke8 19. c5 Bd7 20. f4 Ba4 21.
Rd2 Nd7 22. b4 Nf6 23. Bf3 Nd5 24. Kf2 a5 25. Ne1 axb4 26. axb4 Bc6 27. Bxd5
Bxd5 28. Bd4 Bf6 29. Bxf6 gxf6 30. g3 Ra1 31. Nc2 Rb1 32. Ke3 Kd7 33. Kd3 Kc7
34. Ke3 b6 35. Kd4 Rb3 36. Rd3 bxc5+ 37. bxc5 e5+ 38. Ke3 Rxd3+ 39. Kxd3 Kc6
40. Ne3 exf4 41. gxf4 1/2-1/2

[Event "III Open San Benedetto Martire"]
[Site "San Benedetto del Tronto ITA"]
[Date "2010.11.14"]
[Round "5"]
[White "Silvestri, Giorgio"]
[Black "Di Giacobbe, Matteo"]
[Result "1/2-1/2"]
[WhiteElo "1780"]
[BlackElo "1720"]
[PlyCount "101"]
[EventDate "2010.11.07"]

1. d4 Nf6 2. c4 g6 3. Nc3 d5 4. Nf3 Bg7 5. e3 O-O 6. cxd5 Nxd5 7. Bc4 Nxc3 8.
bxc3 c5 9. O-O Nc6 10. Qc2 Qc7 11. Bb2 Na5 12. Bd3 b6 13. d5 c4 14. Be2 Bb7 15.
e4 b5 16. Nd4 Bxd4 17. cxd4 f5 18. f3 Rac8 19. Ba3 Rf7 20. Qc3 Ba8 21. Rab1 a6
22. Bb2 Qb6 23. Ba3 Qd8 24. Kh1 Nb7 25. g3 Qd7 26. Qe3 e6 27. dxe6 Qxe6 28. d5
Qd7 29. Qd4 h5 30. Bb2 Rh7 31. e5 Nc5 32. Rbd1 Na4 33. Ba3 Rd8 34. d6 g5 35. h4
f4 36. Kg2 gxh4 37. Qxf4 hxg3 38. Rh1 Qg4 39. Qxg4+ hxg4 40. Rxh7 Kxh7 41. e6
Bc6 42. d7 c3 43. e7 Rxd7 44. e8=Q gxf3+ 45. Bxf3 Rd2+ 46. Rxd2 Bxe8 47. Rc2 a5
48. Kxg3 b4 49. Rh2+ Kg8 50. Bd1 Nc5 51. Bc1 1/2-1/2

[Event "III Open San Benedetto Martire"]
[Site "San Benedetto del Tronto ITA"]
[Date "2010.11.14"]
[Round "5"]
[White "Spada, Angelo"]
[Black "Santinelli, Michele"]
[Result "1/2-1/2"]
[WhiteElo "2039"]
[BlackElo "1747"]
[PlyCount "152"]
[EventDate "2010.11.07"]

1. e4 e5 2. Bc4 Nc6 3. Nc3 Nf6 4. d3 Be7 5. f4 d6 6. Nge2 Na5 7. Bb3 c6 8. O-O
Qb6+ 9. Kh1 Nxb3 10. axb3 Ng4 11. Qe1 Ne3 12. Qf2 exf4 13. Nxf4 Nxf1 14. Qxb6
axb6 15. Rxa8 O-O 16. Kg1 Nxh2 17. Kxh2 f5 18. exf5 Bxf5 19. Rxf8+ Kxf8 20. Be3
Bd8 21. Nce2 Kf7 22. Ng3 Bd7 23. d4 b5 24. Ne4 Bc7 25. g3 h6 26. c4 bxc4 27.
bxc4 b6 28. Nc3 g5 29. Nd3 Bf5 30. Nb4 Bd7 31. d5 c5 32. Na6 Bd8 33. b4 Bf5 34.
Nb5 Be7 35. bxc5 bxc5 36. Nac7 Bd3 37. Na3 Bf6 38. Ncb5 Ke7 39. Bd2 Kd7 40. Bc3
Bd8 41. g4 Be2 42. Kg3 Be7 43. Nc2 Bxc4 44. Nba3 Bxd5 45. Bg7 Bc6 46. Nc4 Ke6
47. N4e3 Be4 48. Ne1 d5 49. Nf3 Bd6+ 50. Kf2 d4 51. Nc4 Bf4 52. Bxh6 Bxf3 53.
Kxf3 Kd5 54. Na3 Kc6 55. Nc4 Kb5 56. Nb2 c4 57. Ke4 c3 58. Nd3 Kc4 59. Nxf4
gxf4 60. Bxf4 d3 61. Ke3 d2 62. Ke2 Kd4 63. Be3+ Ke4 64. Bh6 Kd4 65. Be3+ Ke4
66. Bg5 Ke5 67. Bh6 Kf6 68. Kd1 Kg6 69. Bf4 Kf6 70. Kc2 Kg6 71. Be3 Kf6 72. Kd1
Kg6 73. Bf4 Kf6 74. Ke2 Kg6 75. Be3 Kf6 76. Kd1 Kg6 1/2-1/2

[Event "III Open San Benedetto Martire"]
[Site "San Benedetto del Tronto ITA"]
[Date "2010.11.14"]
[Round "6"]
[White "Di Donatantonio, Franco"]
[Black "Di Martino, Antonio"]
[Result "1-0"]
[WhiteElo "2123"]
[BlackElo "1890"]
[PlyCount "43"]
[EventDate "2010.11.07"]

1. e4 e6 2. d3 d5 3. Nd2 c5 4. Ngf3 Nc6 5. Be2 Bd6 6. O-O Nge7 7. c3 O-O 8. Re1
f5 9. exd5 exd5 10. d4 c4 11. b3 cxb3 12. axb3 Ng6 13. c4 Be6 14. Bd3 Qf6 15.
Rxe6 Qxe6 16. cxd5 Qd7 17. dxc6 Qxc6 18. Nc4 Bc7 19. Na5 Qc3 20. Bc4+ Kh8 21.
Bd2 Qb2 22. b4 1-0

[Event "III Open San Benedetto Martire"]
[Site "San Benedetto del Tronto ITA"]
[Date "2010.11.14"]
[Round "6"]
[White "Silvestri, Giorgio"]
[Black "Okinczyc, Alessandro"]
[Result "1-0"]
[WhiteElo "1780"]
[BlackElo "1683"]
[PlyCount "93"]
[EventDate "2010.11.07"]

1. d4 Nf6 2. c4 g6 3. Nc3 Bg7 4. e4 d6 5. f3 O-O 6. Be3 e5 7. Qd2 Re8 8. O-O-O
Nc6 9. d5 Nd4 10. Nge2 Nxe2+ 11. Bxe2 a5 12. Bh6 b6 13. g4 Re7 14. Rdg1 Qf8 15.
Bxg7 Qxg7 16. h4 h6 17. g5 Nh5 18. Kb1 Nf4 19. gxh6 Qxh6 20. Bd1 Kg7 21. Ne2
Nxe2 22. Qxe2 Bd7 23. Qg2 f6 24. Qg3 Rg8 25. Rh2 Kf8 26. Rf2 Qf4 27. Qxf4 exf4
28. Bc2 Be8 29. a3 Re5 30. b4 Rh8 31. Rg4 g5 32. hxg5 fxg5 33. Rfg2 Rh5 34. Rf2
Ke7 35. Bd1 Kf6 36. Ka2 Bd7 37. Rgg2 Re8 38. bxa5 bxa5 39. Rb2 Rh1 40. Rgd2 g4
41. fxg4 Rxe4 42. Bf3 Rxc4 43. Bxh1 Bxg4 44. Rbc2 Rxc2+ 45. Rxc2 Ke5 46. Rc3
Kd4 47. Kb2 1-0

[Event "III Open San Benedetto Martire"]
[Site "San Benedetto del Tronto ITA"]
[Date "2010.11.14"]
[Round "6"]
[White "Viviani, Alessio"]
[Black "Fioravanti, Emidio"]
[Result "1-0"]
[WhiteElo "1958"]
[BlackElo "1963"]
[PlyCount "67"]
[EventDate "2010.11.07"]

1. Nf3 Nf6 2. d4 d5 3. c4 Bf5 4. Nc3 e6 5. g3 c6 6. cxd5 Nxd5 7. Bg2 Nd7 8. O-O
Be7 9. Re1 N7f6 10. Ne5 Bg6 11. Bg5 O-O 12. a4 Qa5 13. Qb3 Rfc8 14. Nxd5 cxd5
15. Qxb7 Bd6 16. Nc6 Qc7 17. Qxc7 Rxc7 18. Rec1 Rac8 19. Nxa7 Rxc1+ 20. Rxc1
Rxc1+ 21. Bxc1 Bc2 22. a5 Ba4 23. Nc8 Bb4 24. a6 Nd7 25. e4 Bc6 26. exd5 exd5
27. Bd2 Bf8 28. Bh3 Nb8 29. a7 Na6 30. Ba5 Bb7 31. Bd8 Bb4 32. Nb6 Ba5 33. Bc8
Bxb6 34. Bxb6 1-0

[Event "XVII Festival A"]
[Site "Montecatini Terme ITA"]
[Date "2010.08.03"]
[Round "3"]
[White "De Filomeno, Simone"]
[Black "Meijers, Viesturs"]
[Result "1-0"]
[WhiteElo "2250"]
[BlackElo "2474"]
[PlyCount "59"]
[EventDate "2010.08.01"]

1. e4 c5 2. Nf3 e6 3. d4 cxd4 4. Nxd4 a6 5. Bd3 d6 6. O-O Nd7 7. c4 Ngf6 8. Nc3
b6 9. b3 Bb7 10. Bb2 Nc5 11. Qe2 Rc8 12. Bc2 Rc7 13. f4 Be7 14. Rad1 Qa8 15.
Rde1 g6 16. e5 dxe5 17. fxe5 Nh5 18. b4 Nd7 19. Nd5 exd5 20. e6 Ndf6 21. exf7+
Kxf7 22. Ne6 Rd7 23. Ng5+ Kg7 24. Qe6 Qe8 25. g4 d4 26. gxh5 gxh5 27. Bxd4 Rxd4
28. Qxe7+ Qxe7 29. Rxe7+ Kf8 30. Rxb7 1-0

[Event "C.to Italiano U10 femminile"]
[Site "Terrasini ITA"]
[Date "2010.07.04"]
[Round "2"]
[White "Buffa, Anastasia"]
[Black "Manzotti, Anna Claudia"]
[WhiteElo "1365"]
[BlackElo "1467"]
[Result "1-0"]
[PlyCount "131"]
[EventDate "2010.07.03"]

1. e4 e5 2. Nf3 Nc6 3. Bc4 Nf6 4. Nc3 Bb4 5. a3 Bc5 6. b4 Be7 7. d4 exd4 8.
Nxd4 Nxd4 9. Qxd4 d6 10. O-O O-O 11. e5 dxe5 12. Qxe5 Qd6 13. Qb5 c6 14. Qg5
Ne4 15. Nxe4 Bxg5 16. Nxd6 Bf6 17. Rb1 Bd7 18. b5 cxb5 19. Bxb5 Be6 20. Bf4 Be7
21. Nxb7 Bxa3 22. Bd6 Bxd6 23. Nxd6 Rfd8 24. Nc4 Rac8 25. Ne3 Rc5 26. Rfd1
Rxd1+ 27. Rxd1 g6 28. Rd8+ Kg7 29. c4 a6 30. Bxa6 Ra5 31. Ra8 Ra1+ 32. Nf1 Bxc4
33. Bxc4 Rxa8 34. g4 f5 35. gxf5 gxf5 36. Bd5 Ra5 37. Bb3 Kg6 38. Kg2 f4 39.
Kf3 Ra3 40. Nd2 Kf5 41. Ke2 Ra1 42. Bc2+ Kg5 43. Bxh7 Ra2 44. f3 Ra1 45. Ne4+
Kh6 46. Bg8 Ra2+ 47. Kd3 Rxh2 48. Be6 Rh5 49. Bg4 Rd5+ 50. Kc4 Rd8 51. Nf6 Kg5
52. Nd5 Rc8+ 53. Kd4 Rd8 54. Kc4 Kg6 55. Nxf4+ Kg5 56. Ne6+ Kf6 57. Nxd8 Ke7
58. Ne6 Kf6 59. Kd5 Kg6 60. f4 Kf6 61. f5 Kf7 62. Ke5 Ke7 63. f6+ Kf7 64. Bh5+
Kg8 65. f7+ Kh7 66. f8=R 1-0

[Event "C.to Italiano U12"]
[Site "Terrasini ITA"]
[Date "2010.07.10"]
[Round "9"]
[White "Alabiso, Claudio"]
[Black "Gemelli, Giovanni"]
[WhiteElo "1425"]
[BlackElo "1488"]
[Result "0-1"]
[PlyCount "88"]
[EventDate "2010.07.03"]

1. e4 c5 2. Nf3 Nc6 3. d4 cxd4 4. Nxd4 Nf6 5. Nc3 d6 6. Be3 e5 7. Nf3 Be7 8.
Bc4 Bg4 9. Be2 h6 10. Qd2 O-O 11. O-O-O a6 12. h3 Be6 13. Kb1 b5 14. g4 b4 15.
Nd5 Nxe4 16. Nxe7+ Qxe7 17. Qc1 d5 18. g5 h5 19. Rdg1 d4 20. Bd2 Nxf2 21. Rh2
Ne4 22. Bd3 Nxd2+ 23. Qxd2 Bd5 24. Ne1 a5 25. Qe2 Rfe8 26. Bc4 Bxc4 27. Qxc4
Qd6 28. Nf3 e4 29. Rf2 exf3 30. Qf1 Ne5 31. b3 a4 32. Qd1 axb3 33. cxb3 Rac8
34. Rc2 d3 35. Rd2 Red8 36. Qf1 Qd4 37. Rh1 Qf4 38. Rhh2 Qxg5 39. h4 Qe3 40.
Rd1 d2 41. Qf2 Qd3+ 42. Ka1 Qc3+ 43. Kb1 Qc1+ 44. Rxc1 dxc1=Q# 0-1

[Event "C.to Italiano U14"]
[Site "Terrasini ITA"]
[Date "2010.07.07"]
[Round "5"]
[White "Bullita, Simone"]
[Black "Altini, Ruggiero"]
[WhiteElo "1584"]
[BlackElo "1844"]
[Result "1/2-1/2"]
[PlyCount "86"]
[EventDate "2010.07.03"]

1. d4 Nf6 2. Nd2 d5 3. Ngf3 Bf5 4. e3 e6 5. Bd3 Bxd3 6. cxd3 Be7 7. Ne5 O-O 8.
O-O c5 9. dxc5 Bxc5 10. d4 Bb4 11. f4 Nbd7 12. Rf3 Rc8 13. Rh3 Qc7 14. a3 Bxd2
15. Bxd2 Qc2 16. Nxd7 Qxd1+ 17. Rxd1 Nxd7 18. Rf3 Nf6 19. Bb4 Rfe8 20. Rff1 Ne4
21. Rc1 f6 22. Rfd1 Kf7 23. Kf1 b6 24. Ke2 a5 25. Bd2 Ke7 26. Rxc8 Rxc8 27. Rc1
Rxc1 28. Bxc1 a4 29. Bd2 Kd6 30. Bb4+ Kc6 31. Kd3 Kb5 32. Bf8 g5 33. fxg5 fxg5
34. Be7 h6 35. Bf8 h5 36. Be7 h4 37. Bb4 g4 38. Be1 h3 39. gxh3 gxh3 40. Bh4
Ka5 41. Be1+ Kb5 42. Bh4 Nd6 43. Be1 Ne4 1/2-1/2

[Event "C.to Italiano U16"]
[Site "Terrasini ITA"]
[Date "2010.07.10"]
[Round "9"]
[White "Aprile, Martino"]
[Black "Melone, Antonio"]
[WhiteElo "1851"]
[BlackElo "2014"]
[Result "0-1"]
[PlyCount "72"]
[EventDate "2010.07.03"]

1. e4 c6 2. d4 d5 3. Nc3 dxe4 4. Nxe4 Nd7 5. Nf3 Ngf6 6. Ng3 e6 7. Bf4 Nd5 8.
Qd2 Nxf4 9. Qxf4 Nf6 10. O-O-O Be7 11. c3 Qa5 12. Kb1 b5 13. Qd2 Bb7 14. Bd3
O-O 15. Ne5 c5 16. dxc5 Qc7 17. c6 Bxc6 18. Nxc6 Qxc6 19. f3 Rab8 20. Be4 Qc7
21. Rc1 Qa5 22. b3 Rfc8 23. Ne2 b4 24. c4 Nxe4 25. fxe4 Bg5 26. Qc2 Bxc1 27.
Qxc1 Qe5 28. Qc2 Rd8 29. h4 Rd7 30. Rd1 Rxd1+ 31. Qxd1 Qxe4+ 32. Qc2 Qxg2 33.
Qd3 Qh1+ 34. Kb2 Qxh4 35. Qd6 Rd8 36. Qxb4 Qf2 0-1

[Event "C.to Italiano U16"]
[Site "Terrasini ITA"]
[Date "2010.07.10"]
[Round "9"]
[White "Davi, Alessandro"]
[Black "Cinque, Antonio"]
[WhiteElo "2050"]
[BlackElo "1920"]
[Result "1-0"]
[PlyCount "121"]
[EventDate "2010.07.03"]

1. d4 d5 2. Nf3 Nf6 3. c4 e6 4. Nc3 Nbd7 5. cxd5 exd5 6. Bg5 Be7 7. e3 c6 8.
Bd3 O-O 9. O-O Re8 10. Qc2 g6 11. Bf4 a6 12. h3 Nf8 13. Rab1 Ne6 14. Bh2 Ng7
15. Ne5 Bf5 16. b4 Bd6 17. f4 Bxd3 18. Qxd3 Qe7 19. a3 Ne4 20. Nxe4 dxe4 21.
Qb3 Qe6 22. a4 Qxb3 23. Rxb3 Bxe5 24. fxe5 Ne6 25. Bg3 Red8 26. Bf4 Kf8 27. h4
Rd5 28. Rb2 Ke8 29. Bg5 Rc8 30. Rbf2 Rc7 31. g4 b6 32. Rc1 a5 33. Rb2 Kd7 34.
Bf6 axb4 35. Rxb4 b5 36. Kf2 Ra7 37. Ra1 Ra5 38. h5 Kc7 39. Be7 bxa4 40. Bd6+
Rxd6 41. exd6+ Kxd6 42. Raxa4 Rxa4 43. Rxa4 gxh5 44. gxh5 c5 45. Ra6+ Kd5 46.
dxc5 Nxc5 47. Rh6 Ke5 48. Rxh7 Kf6 49. Kg3 Ne6 50. Kg4 Nf8 51. Rh6+ Ke5 52. Rh8
Ne6 53. h6 f5+ 54. Kh4 f4 55. exf4+ Nxf4 56. Re8+ Kf5 57. Rf8+ Ke5 58. Rxf4
Kxf4 59. h7 e3 60. h8=Q e2 61. Qa1 1-0

[Event "C.to Italiano di Categoria 1N"]
[Site "Torino ITA"]
[Date "2010.06.22"]
[Round "3"]
[White "Banchio, Davide"]
[Black "Cortese, Alessandro"]
[WhiteElo "1921"]
[BlackElo "1893"]
[Result "0-1"]
[PlyCount "58"]
[EventDate "2010.06.20"]

1. e4 e6 2. d4 d5 3. Nc3 Bb4 4. e5 c5 5. a3 Bxc3+ 6. bxc3 Ne7 7. Qg4 Qc7 8.
Qxg7 Rg8 9. Qxh7 cxd4 10. Ne2 Nbc6 11. f4 Bd7 12. Qd3 dxc3 13. Nxc3 a6 14. Rb1
Na5 15. h4 Nf5 16. Rh3 O-O-O 17. h5 Nc4 18. h6 Rg6 19. g4 Rxg4 20. Be2 Rg1+ 21.
Kf2 Qc5+ 22. Be3 Ncxe3 23. Rxg1 Ng4+ 24. Kg2 Nf2 25. Qf3 Nxh3 26. Qxh3 Rg8+ 27.
Bg4 Nxh6 28. Qxh6 Rxg4+ 29. Kf3 Rxg1 0-1

[Event "C.to Italiano di Categoria 1N"]
[Site "Torino ITA"]
[Date "2010.06.24"]
[Round "5"]
[White "Di Chiara, Mauro"]
[Black "Rossetti, Alberto"]
[WhiteElo "1935"]
[BlackElo "1941"]
[Result "0-1"]
[PlyCount "64"]
[EventDate "2010.06.20"]

1. e4 c6 2. d4 d5 3. exd5 cxd5 4. Bd3 Nf6 5. Bf4 Nc6 6. c3 Bg4 7. Qb3 Qd7 8.
Nd2 e6 9. Ngf3 Be7 10. O-O O-O 11. h3 Bxf3 12. Nxf3 Na5 13. Qc2 b5 14. Ne5 Qb7
15. g4 g6 16. Qe2 Nc4 17. Bh6 Rfc8 18. Rae1 Nd6 19. f4 Nfe4 20. Rf3 f6 21. f5
fxe5 22. dxe5 Nf7 23. Bf4 Nfg5 24. Bxe4 dxe4 25. Bxg5 exf3 26. Qd2 Rd8 27. Qf4
Bxg5 28. Qxg5 Rd3 29. Rf1 f2+ 30. Kh2 Qf3 31. Qh4 Qf4+ 32. Kg2 g5 0-1

[Event "C.to Italiano di Categoria 3N"]
[Site "Torino ITA"]
[Date "2010.06.20"]
[Round "1"]
[White "Geuna, Pietro"]
[Black "Bosticardo, Tommaso"]
[WhiteElo "1485"]
[BlackElo "1553"]
[Result "1-0"]
[PlyCount "107"]
[EventDate "2010.06.20"]

1. e4 e5 2. Nf3 Nc6 3. d4 exd4 4. Nxd4 Nf6 5. Nc3 Bb4 6. Nxc6 bxc6 7. Bd3 O-O
8. O-O Re8 9. Re1 h6 10. a3 Bxc3 11. bxc3 d5 12. exd5 cxd5 13. Bf4 c6 14. c4
Be6 15. cxd5 Nxd5 16. Be5 Qg5 17. Be4 Bg4 18. Qd4 Rxe5 19. Bh7+ Kxh7 20. Rxe5
Qg6 21. Kf1 Be6 22. c4 Nb6 23. c5 Nd5 24. Rae1 Qf6 25. R5e4 Qxd4 26. Rxd4 Rb8
27. Red1 Rb3 28. R4d3 Rxd3 29. Rxd3 Bf5 30. Rb3 Bc8 31. Rb8 Ba6+ 32. Ke1 Nf4
33. Ra8 Nd3+ 34. Kd2 Nxc5 35. Rxa7 Bc4 36. Rc7 Bd5 37. f3 Kg6 38. Ra7 Kf5 39.
a4 Ke5 40. Kc3 Kd6 41. a5 Be6 42. a6 Bc8 43. Rxf7 Bxa6 44. Rxg7 Na4+ 45. Kc2
Kc5 46. Rh7 Kd4 47. Rxh6 Bd3+ 48. Kd2 Bb5 49. g4 c5 50. g5 c4 51. g6 c3+ 52.
Kc1 Nb2 53. g7 Bc4 54. Rh4+ 1-0

[Event "C.to Italiano di Categoria CM"]
[Site "Torino ITA"]
[Date "2010.06.21"]
[Round "2"]
[White "Giacometto, Mario"]
[Black "Davi, Alessandro"]
[WhiteElo "1967"]
[BlackElo "2050"]
[Result "0-1"]
[PlyCount "124"]
[EventDate "2010.06.20"]

1. e4 c5 2. Nf3 Nc6 3. d4 cxd4 4. Nxd4 e5 5. Nb5 a6 6. Nd6+ Bxd6 7. Qxd6 Qf6 8.
Qd1 Qg6 9. Nc3 Nf6 10. Qd6 Qg4 11. f3 Qe6 12. Qxe6+ fxe6 13. Bc4 Nd4 14. Bd3 b5
15. O-O Bb7 16. Be3 d6 17. Rae1 Nc6 18. a3 O-O 19. f4 Ng4 20. Bc1 exf4 21. Bxf4
Nge5 22. Bg5 h6 23. Bh4 Rac8 24. Be2 b4 25. axb4 Nxb4 26. Be7 Rxf1+ 27. Rxf1
Nxc2 28. Bxd6 Nc4 29. Bxc4 Rxc4 30. Rf8+ Kh7 31. Rf7 Bxe4 32. Be5 Kg6 33. Rxg7+
Kf5 34. Rc7 Rxc7 35. Bxc7 h5 36. Kf2 Nb4 37. Ba5 Nc6 38. Bb6 e5 39. g3 Bc2 40.
Nd5 Bb3 41. Ne3+ Ke4 42. h3 Nb4 43. g4 hxg4 44. hxg4 Nd3+ 45. Ke2 Nxb2 46. g5
Bf7 47. Nc2 Bh5+ 48. Kf2 Nc4 49. Bc5 a5 50. Na3 Nxa3 51. Bxa3 Kd3 52. Ke1 a4
53. Bd6 e4 54. g6 Bxg6 55. Kd1 Kc3 56. Kc1 e3 57. Be5+ Kb3 58. Bf4 e2 59. Kd2
Bh5 60. Be5 a3 61. Bf6 Ka2 62. Bc3 Kb1 0-1

[Event "C.to Italiano di Categoria CM"]
[Site "Torino ITA"]
[Date "2010.06.22"]
[Round "3"]
[White "Parodi, Alessandro"]
[Black "Barbiso, Tiziana"]
[WhiteElo "2071"]
[BlackElo "1999"]
[Result "0-1"]
[PlyCount "70"]
[EventDate "2010.06.20"]

1. d4 d5 2. Nf3 Nf6 3. c4 e6 4. Nc3 c6 5. cxd5 exd5 6. Bg5 Be7 7. Qc2 Nbd7 8.
e3 O-O 9. Bd3 Re8 10. O-O Nf8 11. Rab1 Bd6 12. b4 Bg4 13. Nd2 Bd7 14. Bxf6 Qxf6
15. Rfc1 Rac8 16. b5 Qh6 17. Nf1 Ng6 18. bxc6 bxc6 19. Rb7 Rcd8 20. Ng3 Nh4 21.
Bf1 Bg4 22. Be2 Bxe2 23. Ncxe2 Rc8 24. Rxa7 Re6 25. e4 dxe4 26. d5 Nf3+ 27.
gxf3 exf3 28. Qf5 fxe2 29. Re1 cxd5 30. Rxe2 Bxg3 31. Qxf7+ Kh8 32. Rxe6 Rc1+
33. Kg2 Qxh2+ 34. Kf3 Qxf2+ 35. Kg4 Rc4+ 0-1

[Event "C.to Italiano di Categoria CM"]
[Site "Torino ITA"]
[Date "2010.06.25"]
[Round "6"]
[White "Angelini, Marco"]
[Black "Parodi, Alessandro"]
[WhiteElo "2062"]
[BlackElo "2071"]
[Result "1-0"]
[PlyCount "61"]
[EventDate "2010.06.20"]

1. e4 d6 2. d4 Nf6 3. Nc3 g6 4. Nf3 Bg7 5. Be2 O-O 6. O-O c6 7. Re1 Nbd7 8. e5
dxe5 9. dxe5 Ne8 10. Bf1 Nc7 11. Bd2 Ne6 12. Qc1 Qc7 13. Bh6 Nxe5 14. Nxe5 Bxe5
15. Bxf8 Bxh2+ 16. Kh1 Bf4 17. Qd1 Kxf8 18. Ne4 Qb6 19. c3 f5 20. Qf3 fxe4 21.
Rxe4 Qc5 22. Bc4 Kg7 23. Bxe6 Bxe6 24. Qxf4 Bd5 25. Qe3 Qxe3 26. Rxe3 Kf6 27.
b3 b5 28. Rae1 Re8 29. Kh2 c5 30. Re5 e6 31. Rxd5 1-0

[Event "XXXIV Festival A"]
[Site "Torino ITA"]
[Date "2010.12.04"]
[Round "2"]
[White "Bonino, Matteo"]
[Black "Cortese, Alessandro"]
[WhiteElo "1818"]
[BlackElo "1970"]
[Result "1/2-1/2"]
[PlyCount "91"]
[EventDate "2010.12.03"]

1. d4 Nf6 2. Bf4 c5 3. e3 Qb6 4. b3 cxd4 5. exd4 Nc6 6. Nf3 d6 7. Be2 g6 8. Bc1
Bg7 9. Bb2 O-O 10. O-O Bf5 11. Na3 d5 12. c4 dxc4 13. Nxc4 Qd8 14. Ne3 Be4 15.
Ne5 Rc8 16. Rc1 Nb4 17. Qd2 Nc6 18. Rfd1 Bd5 19. f3 e6 20. Rc2 Nh5 21. Nxd5
Qxd5 22. Nxc6 Rxc6 23. Bc4 Qd6 24. d5 Qc5+ 25. Bd4 Bxd4+ 26. Qxd4 Qxd4+ 27.
Rxd4 exd5 28. Rxd5 Nf6 29. Rdd2 Rfc8 30. Kf2 Kg7 31. Bd3 Rxc2 32. Rxc2 Rd8 33.
Bc4 Rd7 34. Ke2 Re7+ 35. Kd3 Nd7 36. Kd4 Ne5 37. Re2 Kf6 38. f4 Rd7+ 39. Kc3
Nxc4 40. Kxc4 Rd6 41. g4 Rd7 42. a4 h5 43. h3 Rc7+ 44. Kd4 Rd7+ 45. Kc4 Rc7+
46. Kd4 1/2-1/2

[Event "XXXIV Festival A"]
[Site "Torino ITA"]
[Date "2010.12.04"]
[Round "2"]
[White "Mantovan, Giuseppe"]
[Black "Passerotti, Pierluigi"]
[WhiteElo "1859"]
[BlackElo "2264"]
[Result "0-1"]
[PlyCount "192"]
[EventDate "2010.12.03"]

1. d4 f5 2. Nf3 g6 3. c4 d6 4. Nc3 Nf6 5. e3 c6 6. Bd3 Bg7 7. O-O d5 8. cxd5
cxd5 9. Bb5+ Bd7 10. Qb3 Bxb5 11. Qxb5+ Qd7 12. Ne5 Qxb5 13. Nxb5 Na6 14. Bd2
Ne4 15. Rfd1 Bxe5 16. dxe5 e6 17. Rac1 Kd7 18. f3 Nxd2 19. Rxd2 Rhc8 20. Rdc2
Rc6 21. a3 Rac8 22. Rxc6 Rxc6 23. Rxc6 bxc6 24. Nd6 Nc5 25. b4 Nd3 26. f4 Ne1
27. b5 Nc2 28. bxc6+ Kxc6 29. a4 Nxe3 30. Nb5 a5 31. Nd4+ Kd7 32. Nb3 Nc4 33.
Kf2 Nb6 34. Nxa5 Nxa4 35. Ke3 Nc3 36. Nb3 Ne4 37. Nd4 g5 38. g3 h6 39. Nb5 Ke7
40. Nd4 g4 41. Nc6+ Kd7 42. Nd4 Nc5 43. Nb5 Nb7 44. Nd4 Na5 45. Nb5 Nc6 46. Kd3
Nd8 47. Nd4 Nf7 48. Ke3 h5 49. Kf2 Nh8 50. Kg2 Ng6 51. h4 gxh3+ 52. Kxh3 h4 53.
Ne2 hxg3 54. Kxg3 Ke7 55. Nd4 Kf7 56. Nc6 Kg7 57. Nd4 Nf8 58. Kf3 Kg6 59. Kg3
Kh5 60. Kh3 Kh6 61. Kg3 Kg7 62. Kf3 Kf7 63. Kg3 Ng6 64. Nc6 Ke8 65. Nd4 Kd7 66.
Kf3 Nf8 67. Kg3 Kc7 68. Kf3 Kb6 69. Ke3 Kc5 70. Kd3 Kb4 71. Nc6+ Kb3 72. Nd4+
Kb2 73. Kd2 Ka3 74. Kc3 Ka4 75. Kd3 Kb4 76. Nc6+ Kc5 77. Nd4 Kb6 78. Kc3 Kc7
79. Kd3 Kd7 80. Ke3 Ng6 81. Kf3 Ne7 82. Ke3 Nc6 83. Nb5 Kc8 84. Kd3 Kb7 85.
Nd6+ Kb6 86. Nf7 Kc5 87. Ng5 Nd8 88. Nf3 Nc6 89. Ng5 Nd4 90. Nf7 Nb5 91. Ng5
Nc7 92. Nf3 Ne8 93. Nd4 Ng7 94. Ke3 Kc4 95. Nf3 Nh5 96. Nd4 Nxf4 0-1

[Event "XXXIV Festival A"]
[Site "Torino ITA"]
[Date "2010.12.05"]
[Round "4"]
[White "Finocchiaro, Gianluca"]
[Black "D'Agostino, Maurizio"]
[WhiteElo "2128"]
[BlackElo "2008"]
[Result "1/2-1/2"]
[PlyCount "37"]
[EventDate "2010.12.03"]

1. d4 d5 2. Nf3 Nc6 3. Bf4 Bg4 4. e3 e6 5. Nbd2 Bd6 6. Bg3 Nge7 7. c4 Bxg3 8.
hxg3 Qd7 9. Qb3 f6 10. cxd5 exd5 11. Rc1 Be6 12. Bd3 g6 13. Qb5 O-O 14. Nb3 a6
15. Qa4 b6 16. Ke2 b5 17. Bxb5 axb5 18. Qxb5 Rfb8 19. Qd3 1/2-1/2